| 000 | 00409nam a22001697a 4500 | ||
|---|---|---|---|
| 003 | NUST - PNEC | ||
| 005 | 20170116181112.0 | ||
| 008 | 151003b xxu||||| |||| 00| 0 eng d | ||
| 020 | _a- | ||
| 040 | _cLIBRARY | ||
| 082 | _a758 BOK | ||
| 100 |
_912767 _aBokaiye, Moris |
||
| 245 |
_aBible, Quran aur Science _cMoris Bokaiye |
||
| 260 | _c- | ||
| 650 |
_912769 _aUrdu Literature _vGeneral |
||
| 942 |
_2ddc _cBK |
||
| 999 |
_c69166 _d69166 |
||